Books Half Off! Quiz Stats

Quiz Updated Dec 30, 2011

Challenge
Share
Tweet
Embed
Score 0/20 Timer 04:00
0 Plays Today
Half Off! Book Title % Correct
eat ExpectGreat Expectations
96.1%
otte's WeCharlotte's Web
93.8%
ssic PaJurassic Park
93.4%
tle WomLittle Women
91.9%
sure IslTreasure Island
91.1%
ne EyJane Eyre
88.5%
tch-2Catch-22
87.4%
iver's TraGulliver's Travels
87.3%
nson CruRobinson Crusoe
84.8%
ering HeiWuthering Heights
82.2%
Half Off! Book Title % Correct
ry PopMary Poppins
72.3%
ack BeaBlack Beauty
70.3%
ame BovMadame Bovary
67.8%
alom, AbsaAbsalom, Absalom!
60%
shead RevisBrideshead Revisited
57.4%
by DiMoby Dick
55.6%
on QuiDon Quixote
39.6%
las ShruAtlas Shrugged
36.5%
et SemaPet Sematary
28.6%
illa FlTortilla Flat
15.5%

You're not logged in!

Compare scores with friends on all Sporcle quizzes.
Sign Up with Email
OR
Log In

You Might Also Like...

Show Comments

Extras

Top Quizzes Today


Score Distribution

Your Account Isn't Verified!

In order to create a playlist on Sporcle, you need to verify the email address you used during registration. Go to your Sporcle Settings to finish the process.